THE ROOKIE character - Statistics

General Stats
  • This quiz has been taken 281 times
  • The average score is 11 of 13
Answer Stats
Picture Answer % Correct
Lucy Chen
100%
John Nolan
97%
Tim Bradford
97%
Angela Lopez
94%
Nyla Harper
94%
Jackson West
91%
Wade Grey
87%
Wesley Evers
85%
Bailey Nune
84%
Tamara
84%
Aaron Thorsen
74%
Rosalind Dyer
69%
Zoe Andersen
48%
No matching quizzes found
Score Distribution
Percent of People with Each Score
Percentile by Number Answered
Your Score History
You have not taken this quiz